The RICS and Macdonald and Company European property market remuneration survey 2010-2011 (Record no. 112010)
[ view plain ]
| 000 -LEADER | |
|---|---|
| fixed length control field | 01168cad a22002535a 4500 |
| 001 - CONTROL NUMBER | |
| control field | L152345 |
| 008 - FIXED-LENGTH DATA ELEMENTS--GENERAL INFORMATION | |
| fixed length control field | 110224s2011 xxkd f s 000 0 eng d |
| 035 ## - SYSTEM CONTROL NUMBER | |
| System control number | (Sirsi) u152345 |
| 041 0# - LANGUAGE CODE | |
| Language code of text/sound track or separate title | eng |
| 050 04 - LIBRARY OF CONGRESS CALL NUMBER | |
| Classification number | 331.281333 $2 18 |
| 110 2# - MAIN ENTRY--CORPORATE NAME | |
| Corporate name or jurisdiction name as entry element | Royal Institution of Chartered Surveyors |
| 9 (RLIN) | 4900 |
| 240 ## - UNIFORM TITLE | |
| Uniform title | The RICS and Macdonald and Company salary survey |
| 245 04 - TITLE STATEMENT | |
| Title | The RICS and Macdonald and Company European property market remuneration survey 2010-2011 |
| Remainder of title | Executive summary and key findings |
| Medium | [electronic resource] |
| 260 ## - PUBLICATION, DISTRIBUTION, ETC. | |
| Place of publication, distribution, etc. | London |
| Name of publisher, distributor, etc. | Macdonald and Company |
| -- | RICS |
| Date of publication, distribution, etc. | 2011 |
| 520 ## - SUMMARY, ETC. | |
| Summary, etc. | Executive summary and key findings from the RICS and Macdonald and Company European property market remuneration survey 2010-2011. |
| 520 ## - SUMMARY, ETC. | |
| Summary, etc. | A full copy of the report is not available in the Library. |
| 521 2# - TARGET AUDIENCE NOTE | |
| Target audience note | Advanced |
| 590 ## - LOCAL NOTE (RLIN) | |
| Local note | KA NTK |
| 651 #4 - SUBJECT ADDED ENTRY--GEOGRAPHIC NAME | |
| Geographic name | Europe |
| 690 ## - LOCAL SUBJECT ADDED ENTRY--TOPICAL TERM (OCLC, RLIN) | |
| Topical term or geographic name as entry element | MANAGEMENT-BUSINESS MANAGEMENT-HUMAN RESOURCE MANAGEMENT |
| 710 2# - ADDED ENTRY--CORPORATE NAME | |
| Corporate name or jurisdiction name as entry element | Macdonald and Company |
| 9 (RLIN) | 3846 |
| 856 40 - ELECTRONIC LOCATION AND ACCESS | |
| Uniform Resource Identifier | <a href="https://www.macdonaldandcompany.com/File.ashx?path=Root/Documents/Salary_Survey/EU_2010-2011.pdf">https://www.macdonaldandcompany.com/File.ashx?path=Root/Documents/Salary_Survey/EU_2010-2011.pdf</a> |
| Public note | View the item free of charge at www.macdonaldandcompany.com |
| 942 ## - ADDED ENTRY ELEMENTS (KOHA) | |
| Suppress in OPAC | 0 |
| Withdrawn status | Lost status | Source of classification or shelving scheme | Damaged status | Not for loan | Home library | Current library | Shelving location | Date acquired | Total Checkouts | Full call number | Barcode | Date last seen | Copy number | Price effective from | Koha item type |
|---|---|---|---|---|---|---|---|---|---|---|---|---|---|---|---|
| Dewey Decimal Classification | Virtual | Virtual | Online | 24/02/2011 | ONLINE PUBLICATION | 152345-2001 | 06/08/2019 | 1 | 06/08/2019 | Book |